Creation of the universe
Saved in:
| Main Author: | |
|---|---|
| Other Authors: | |
| Format: | Book |
| Language: | English Chinese |
| Published: |
Singapore : Teaneck, NJ, USA :
World Scientific,
c1989
|
| Subjects: | |
| Tags: |
Add Tag
No Tags, Be the first to tag this record!
|
MARC
| LEADER | 00000cam a2200000 i 4500 | ||
|---|---|---|---|
| 001 | 1/32727 | ||
| 008 | 941103s1989 eng d | ||
| 020 | |a 9971506009 | ||
| 020 | |a 9971506017 | ||
| 035 | |l 10039175 | ||
| 035 | |a 1991 |c ΣΕΙΜΕΝΗΣ | ||
| 040 | |a GR-MY-UA |b gre |e aacr | ||
| 041 | 1 | |a eng |h chi | |
| 082 | 0 | |a 523.1 |2 (19) | |
| 100 | 1 | |a Fang, Li-Zhi. | |
| 245 | 1 | 0 | |a Creation of the universe / |c Fang Li Zhi, Li Shu Xian ; translated by T. Kiang |
| 260 | |a Singapore : |a Teaneck, NJ, USA : |b World Scientific, |c c1989 | ||
| 300 | |a xii, 180 p.; |b ill.; |c 23 cm | ||
| 500 | |a Translation of: Yu chou ti chuang sheng | ||
| 500 | |a Includes index | ||
| 650 | 0 | 0 | |a Cosmology. |
| 650 | 0 | 0 | |a Astrophysics. |
| 700 | 1 | |a Li, Shu Xiang. | |
| 852 | |a INST |b SAMOS |e 19941103 |h 523.1 FAN |p 005300002989 |q 005300002989 |t BK |y 0 | ||
| 909 | |a Σ |b 021699 | ||